[Event "Pardubice Czech op-A 32nd"]
[Site "Pardubice"]
[Date "2021.07.25"]
[Round "3"]
[White "Gutman, Gennadi"]
[Black "Rokos, Filip"]
[Result "1-0"]
[WhiteElo "2461"]
[BlackElo "1927"]
[PlyCount "109"]
[EventDate "2021.07.23"]
[EventType "swiss"]
[EventRounds "9"]
[EventCountry "CZE"]
[SourceTitle "CBM 203 Extra"]
[Source "ChessBase"]
[SourceDate "2021.09.30"]
[SourceVersion "1"]
[SourceVersionDate "2021.09.30"]
[SourceQuality "1"]

1. d4 Nf6 2. c4 e6 3. Nc3 Bb4 4. e3 0-0 5. Bd3 d5 6. cxd5 exd5 7. Nge2 b6 8. 0-0 Be7 9. Nf4 Bb7 10. f3 c5 11. Nce2 Nc6 12. dxc5 Bxc5 13. Kh1 Re8 14. Nd4 Bxd4 15. exd4 Kh8 16. Ne2 Nb4 17. Nc3 Nxd3 18. Qxd3 a5 19. Qd1 Ba6 20. Re1 Qd6 21. Bg5 Rxe1+ 22. Qxe1 Re8 23. Qd2 Ng8 24. Re1 Rxe1+ 25. Qxe1 Qb4 26. Qd2 Qc4 27. h3 f6 28. Bf4 Qc6 29. Bg3 b5 30. a3 Qc4 31. Bd6 b4 32. axb4 axb4 33. Nd1 b3 34. Ne3 Qa4 35. Kh2 Bc4 36. Qb4 Qxb4 37. Bxb4 Nh6 38. Kg3 g5 39. Kf2 Kg7 40. Nxc4 dxc4 41. Ke3 Kf7 42. d5 Nf5+ 43. Ke4 Nh4 44. g3 f5+ 45. Kd4 Nxf3+ 46. Kxc4 f4 47. gxf4 gxf4 48. Kxb3 Ng5 49. Kc4 f3 50. Kd3 Nxh3 51. Bd6 f2 52. Ke2 Ng5 53. b4 Kf6 54. b5 Nf7 55. Bg3 1-0

[Event "Pardubice op rapid 32nd"]
[Site "Pardubice"]
[Date "2021.07.22"]
[Round "9"]
[White "Gutman, Gennadi"]
[Black "Pulpan, Jakub"]
[Result "0-1"]
[WhiteElo "2461"]
[BlackElo "2405"]
[PlyCount "48"]
[EventDate "2021.07.21"]
[EventType "swiss (rapid)"]
[EventRounds "9"]
[EventCountry "CZE"]
[SourceTitle "CBM 203 Extra"]
[Source "ChessBase"]
[SourceDate "2021.09.30"]
[SourceVersion "1"]
[SourceVersionDate "2021.09.30"]
[SourceQuality "1"]

1. d4 Nf6 2. Nf3 d5 3. c4 e6 4. Nc3 c5 5. e3 a6 6. a3 Nc6 7. cxd5 exd5 8. Be2 Bd6 9. dxc5 Bxc5 10. b4 Ba7 11. Bb2 0-0 12. 0-0 Bg4 13. Rc1 Re8 14. Na4 Ne4 15. Rc2 Qd6 16. Nd4 Bd7 17. Nxc6 Bxc6 18. Nc3 Bb8 19. g3 Ng5 20. Re1 Qh6 21. Bg4 f5 22. h4 d4 23. exd4 Rxe1+ 24. Qxe1 fxg4 0-1

[Event "Pardubice Czech op-A 30th"]
[Site "Pardubice"]
[Date "2019.07.24"]
[Round "6"]
[White "Gutman, Gennadi"]
[Black "Pesotskiy, Mikhail"]
[Result "1-0"]
[WhiteElo "2466"]
[BlackElo "2301"]
[PlyCount "71"]
[EventDate "2019.07.19"]
[EventType "swiss"]
[EventRounds "9"]
[EventCountry "CZE"]
[SourceTitle "CBM 191"]
[Source "ChessBase"]
[SourceDate "2019.08.31"]
[SourceVersion "1"]
[SourceVersionDate "2019.08.31"]
[SourceQuality "1"]

1. d4 Nf6 2. c4 e6 3. Nc3 Bb4 4. e3 0-0 5. Bd3 d5 6. a3 Bxc3+ 7. bxc3 dxc4 8. Bxc4 c5 9. Nf3 Qc7 10. Ba2 Nbd7 11. 0-0 b6 12. Bb2 Bb7 13. Qe2 Rac8 14. Rac1 e5 15. Nxe5 Nxe5 16. dxe5 Qxe5 17. c4 Qg5 18. f3 Rfe8 19. Rce1 Rcd8 20. Bb1 Nd7 21. f4 Qh6 22. e4 Nf8 23. e5 Ne6 24. Qf2 Nd4 25. Re3 f5 26. Rfe1 Qe6 27. Bd3 Rd7 28. Qh4 Red8 29. Rh3 h6 30. Bf1 Nc2 31. Rc1 Be4 32. Qh5 Kh7 33. Bc3 Nxa3 34. Be1 Nc2 35. Bh4 g6 36. Qxh6+ 1-0

[Event "Pardubice op rapid 30th"]
[Site "Pardubice"]
[Date "2019.07.18"]
[Round "4"]
[White "Gutman, Gennadi"]
[Black "Rasik, Vitezslav"]
[Result "1/2-1/2"]
[WhiteElo "2466"]
[BlackElo "2470"]
[PlyCount "96"]
[EventDate "2019.07.17"]
[EventType "swiss (rapid)"]
[EventRounds "9"]
[EventCountry "CZE"]
[SourceTitle "CBM 191 Extra"]
[Source "ChessBase"]
[SourceDate "2019.09.30"]
[SourceVersion "1"]
[SourceVersionDate "2019.09.30"]
[SourceQuality "1"]

1. d4 d6 2. c4 g6 3. Nc3 Bg7 4. e4 Nf6 5. Nge2 a6 6. Ng3 c6 7. h4 h5 8. Bg5 b5 9. a3 0-0 10. Qd2 Nbd7 11. Bh6 bxc4 12. Bxg7 Kxg7 13. Bxc4 d5 14. Ba2 dxe4 15. 0-0-0 Rb8 16. Rhe1 Nb6 17. Ncxe4 Nbd5 18. Qg5 Rb5 19. Nc5 Qd6 20. Qe5 Qxe5 21. Rxe5 e6 22. Rd2 Rd8 23. Bc4 Rb6 24. Re1 a5 25. Nf1 Rb8 26. Nh2 Nb6 27. Ba2 Nfd5 28. Nf3 Nd7 29. Nxd7 Bxd7 30. g3 Be8 31. Rc2 Ne7 32. Re5 Rb5 33. Bc4 Rxe5 34. dxe5 Nf5 35. Rd2 Rb8 36. Ng5 Kf8 37. Ne4 c5 38. Kc2 Nd4+ 39. Kc3 Nf3 40. Rd6 Nxe5 41. Ba2 Ke7 42. Ra6 Bb5 43. Ra7+ Kf8 44. f4 Nc6 45. Rc7 Nd4 46. Ng5 Be8 47. Rxc5 Ne2+ 48. Kc2 Nd4+ 1/2-1/2

[Event "Pardubice op rapid 30th"]
[Site "Pardubice"]
[Date "2019.07.17"]
[Round "2"]
[White "Chudinovskikh, Alexander M"]
[Black "Gutman, Gennadi"]
[Result "1/2-1/2"]
[WhiteElo "2152"]
[BlackElo "2466"]
[PlyCount "83"]
[EventDate "2019.07.17"]
[EventType "swiss (rapid)"]
[EventRounds "9"]
[EventCountry "CZE"]
[SourceTitle "CBM 191 Extra"]
[Source "ChessBase"]
[SourceDate "2019.09.30"]
[SourceVersion "1"]
[SourceVersionDate "2019.09.30"]
[SourceQuality "1"]

1. e4 c5 2. Nf3 Nc6 3. Bb5 d6 4. 0-0 Bd7 5. c3 Nf6 6. Re1 a6 7. Ba4 c4 8. Bc2 e5 9. b3 b5 10. a4 Rc8 11. axb5 axb5 12. d3 cxd3 13. Bxd3 b4 14. cxb4 Nxb4 15. Bc4 Be7 16. Ba3 Qb6 17. Qd2 Nc6 18. Bxd6 Nd4 19. Bxe7 Nxf3+ 20. gxf3 Kxe7 21. Ra6 Qc5 22. Nc3 Rhd8 23. Nd5+ Nxd5 24. Qxd5 Be8 25. Qxc5+ Rxc5 26. Bd5 Rb8 27. Rea1 Rc2 28. Ra7+ Kf6 29. Ra8 Rxa8 30. Rxa8 Bd7 31. Kg2 Be6 32. Ra6 Rb2 33. Rb6 Ke7 34. Bxe6 fxe6 35. h4 Kf6 36. Kg3 h5 37. f4 exf4+ 38. Kf3 g6 39. b4 Ke5 40. Rb5+ Kf6 41. Rb6 Ke5 42. Rb5+ 1/2-1/2

[Event "Pardubice Czech op-A 29th"]
[Site "Pardubice"]
[Date "2018.07.21"]
[Round "2"]
[White "Olson, Hamish"]
[Black "Gutman, Gennadi"]
[Result "1/2-1/2"]
[WhiteElo "2229"]
[BlackElo "2476"]
[PlyCount "107"]
[EventDate "2018.07.20"]
[EventType "swiss"]
[EventRounds "9"]
[EventCountry "CZE"]
[SourceTitle "CBM 185 Extra"]
[Source "ChessBase"]
[SourceDate "2018.07.29"]
[SourceVersion "1"]
[SourceVersionDate "2018.07.29"]
[SourceQuality "1"]

1. d4 Nf6 2. Nf3 e6 3. c4 Bb4+ 4. Bd2 a5 5. Nc3 0-0 6. e3 b6 7. Rc1 Bb7 8. Bd3 d6 9. 0-0 Nbd7 10. a3 Bxc3 11. Bxc3 Ne4 12. b3 f5 13. Bb2 Qe7 14. Ne1 Rf6 15. f3 Ng5 16. Rc2 f4 17. Bc1 fxe3 18. Bxe3 Nf7 19. g4 e5 20. d5 g5 21. Be4 Nc5 22. Rcf2 h6 23. Bb1 Qf8 24. b4 axb4 25. axb4 Nd7 26. Rb2 Bc8 27. Be4 Qg7 28. Nd3 Nf8 29. Nf2 Ng6 30. Nh1 Nfh8 31. Ng3 Qf8 32. c5 bxc5 33. bxc5 Nh4 34. cxd6 cxd6 35. Rc2 N8g6 36. Rc7 Rf7 37. Qc1 Rxc7 38. Qxc7 Qe7 39. Rc1 Qxc7 40. Rxc7 Ra1+ 41. Kf2 Ra2+ 42. Rc2 Rxc2+ 43. Bxc2 Kf7 44. Ne4 Ke7 45. Nxg5 hxg5 46. Bxg5+ Kf7 47. Kg3 Nxf3 48. Kxf3 e4+ 49. Bxe4 Ne5+ 50. Kg3 Nxg4 51. h4 Nf6 52. Bxf6 Kxf6 53. Kf4 Bb7 54. h5 1/2-1/2

[Event "Pardubice op rapid 29th"]
[Site "Pardubice"]
[Date "2018.07.19"]
[Round "7"]
[White "Gutman, Gennadi"]
[Black "Boruchovsky, Avital"]
[Result "0-1"]
[WhiteElo "2476"]
[BlackElo "2558"]
[PlyCount "78"]
[EventDate "2018.07.18"]
[EventType "swiss (rapid)"]
[EventRounds "9"]
[EventCountry "CZE"]
[SourceTitle "CBM 185 Extra"]
[Source "ChessBase"]
[SourceDate "2018.07.29"]
[SourceVersion "1"]
[SourceVersionDate "2018.07.29"]
[SourceQuality "1"]

1. Nf3 b6 2. d4 Bb7 3. c4 e6 4. a3 Nf6 5. Nc3 d5 6. cxd5 Nxd5 7. e3 Nxc3 8. bxc3 Be7 9. Bb5+ c6 10. Bd3 c5 11. 0-0 0-0 12. Qe2 Nc6 13. Bb2 Qd5 14. e4 Qh5 15. Rad1 Rad8 16. Rfe1 Bf6 17. Bb1 g6 18. h3 Rfe8 19. Kh2 cxd4 20. cxd4 Qa5 21. Qe3 Rd7 22. Re2 Qb5 23. Red2 Na5 24. Bd3 Qb3 25. Qe2 Rc8 26. Bb5 Rdd8 27. d5 Bxb2 28. Rxb2 Qxa3 29. Rd3 Qe7 30. dxe6 Qxe6 31. Re3 a6 32. Bd3 b5 33. g3 Nc4 34. Bxc4 Qxc4 35. Qe1 Qc1 36. Qb4 Rd1 37. Kg2 Qc4 38. Qxc4 Rxc4 39. Ne5 Rxe4 0-1

[Event "Pardubice op rapid 29th"]
[Site "Pardubice"]
[Date "2018.07.19"]
[Round "9"]
[White "Gutman, Gennadi"]
[Black "Slovak, Kilian"]
[Result "1-0"]
[WhiteElo "2476"]
[BlackElo "2285"]
[PlyCount "63"]
[EventDate "2018.07.18"]
[EventType "swiss (rapid)"]
[EventRounds "9"]
[EventCountry "CZE"]
[SourceTitle "CBM 185 Extra"]
[Source "ChessBase"]
[SourceDate "2018.07.29"]
[SourceVersion "1"]
[SourceVersionDate "2018.07.29"]
[SourceQuality "1"]

1. d4 Nf6 2. Nf3 g6 3. c4 Bg7 4. Nc3 d6 5. e4 0-0 6. Be2 e5 7. d5 a5 8. Bg5 h6 9. Bh4 Qe8 10. Nd2 Na6 11. a3 Bd7 12. b3 Nh7 13. 0-0 h5 14. f3 Bh6 15. Bf2 f5 16. Rb1 Qe7 17. Qc2 Nf6 18. b4 axb4 19. axb4 b6 20. exf5 gxf5 21. Bd3 e4 22. fxe4 f4 23. Nf3 Ng4 24. Nd1 Ne5 25. Be2 Kh7 26. Nxe5 dxe5 27. Qc3 Qg5 28. Kh1 Bg4 29. Bf3 Rg8 30. Rg1 Rg6 31. Ra1 c5 32. dxc6 1-0

[Event "Pardubice op rapid 29th"]
[Site "Pardubice"]
[Date "2018.07.18"]
[Round "3"]
[White "Gutman, Gennadi"]
[Black "Shyam, Sundar M"]
[Result "1/2-1/2"]
[WhiteElo "2476"]
[BlackElo "2527"]
[PlyCount "142"]
[EventDate "2018.07.18"]
[EventType "swiss (rapid)"]
[EventRounds "9"]
[EventCountry "CZE"]
[SourceTitle "CBM 185 Extra"]
[Source "ChessBase"]
[SourceDate "2018.07.29"]
[SourceVersion "1"]
[SourceVersionDate "2018.07.29"]
[SourceQuality "1"]

1. Nf3 c5 2. b3 b6 3. Bb2 Bb7 4. e3 Nf6 5. d4 e6 6. Nbd2 Be7 7. Bd3 0-0 8. 0-0 cxd4 9. exd4 Nc6 10. a3 d5 11. Re1 Re8 12. Nf1 Bf8 13. Ng3 g6 14. Qe2 Bg7 15. Rad1 Qc7 16. h3 a6 17. Qe3 b5 18. Ne5 Nxe5 19. dxe5 Nd7 20. Bd4 Rac8 21. b4 Nb8 22. f4 Nc6 23. Bc5 f6 24. Bd6 Qd8 25. Ne2 Kh8 26. c3 f5 27. g3 Bf8 28. Bxf8 Rxf8 29. Nd4 Nxd4 30. cxd4 Rf7 31. Rc1 Rc4 32. Bxc4 dxc4 33. Kh2 Qd5 34. Rc2 Rd7 35. Rd2 Kg7 36. g4 Rf7 37. Kg3 Kf8 38. Rf2 h5 39. g5 Rd7 40. Rd2 Ke8 41. Qc3 Kd8 42. h4 Bc6 43. Kh2 Kc8 44. Kg3 Kb7 45. Kh2 Kb6 46. Kg3 Ra7 47. Rb2 Rd7 48. Rd2 Ra7 49. Rb2 Ra8 50. Kh2 Rd8 51. Rd2 Qf3 52. Qxf3 Bxf3 53. Kg3 Be4 54. Re3 a5 55. bxa5+ Kxa5 56. Kf2 Rc8 57. Rc3 b4 58. axb4+ Kxb4 59. Rc1 c3 60. Ra2 Kb3 61. Ra6 Kb2 62. Re1 c2 63. Rb6+ Ka2 64. Ra6+ Kb2 65. Rb6+ Ka2 66. Ra6+ Kb3 67. Rb6+ Ka2 68. Ra6+ Kb2 69. Rb6+ Ka2 70. Ra6+ Kb3 71. Rb6+ Ka2 1/2-1/2

[Event "Pardubice Czech op-A 28th"]
[Site "Pardubice"]
[Date "2017.07.29"]
[Round "9"]
[White "Tate, Alan"]
[Black "Gutman, Gennadi"]
[Result "1/2-1/2"]
[WhiteElo "2350"]
[BlackElo "2480"]
[PlyCount "89"]
[EventDate "2017.07.21"]
[EventType "swiss"]
[EventRounds "9"]
[EventCountry "CZE"]
[SourceTitle "CBM 179 Extra"]
[Source "ChessBase"]
[SourceDate "2017.08.23"]
[SourceVersion "1"]
[SourceVersionDate "2017.08.23"]
[SourceQuality "1"]

1. e4 c5 2. Nf3 e6 3. d4 cxd4 4. Nxd4 Nf6 5. Nc3 Nc6 6. Nxc6 bxc6 7. e5 Nd5 8. Ne4 f5 9. exf6 Nxf6 10. Nd6+ Bxd6 11. Qxd6 Ba6 12. Bxa6 Qa5+ 13. Bd2 Qxa6 14. Bb4 0-0-0 15. a3 e5 16. f3 Rhe8 17. 0-0-0 Re6 18. Qd2 d6 19. Qg5 c5 20. Bc3 Rd7 21. Qf5 Rde7 22. Rhe1 g6 23. Qh3 Kb7 24. f4 Qc6 25. fxe5 dxe5 26. Ba5 Nd5 27. Bd8 Rd7 28. c4 Nf4 29. Rxd7+ Qxd7 30. Qf3+ Qc6 31. Qb3+ Kc8 32. Bg5 Qd7 33. Bxf4 exf4 34. Rd1 Qe7 35. Qd3 Re1 36. Rxe1 Qxe1+ 37. Kc2 Kc7 38. Qd5 Qe7 39. Kb3 g5 40. Qf5 Kb6 41. Qc8 a6 42. Qb8+ Kc6 43. Qc8+ Kb6 44. Qb8+ Kc6 45. Qc8+ 1/2-1/2

[Event "Pardubice Czech op-A 28th"]
[Site "Pardubice"]
[Date "2017.07.26"]
[Round "6"]
[White "Gutman, Gennadi"]
[Black "Piscopo, Pierluigi"]
[Result "1/2-1/2"]
[WhiteElo "2480"]
[BlackElo "2396"]
[PlyCount "32"]
[EventDate "2017.07.21"]
[EventType "swiss"]
[EventRounds "9"]
[EventCountry "CZE"]
[SourceTitle "CBM 179 Extra"]
[Source "ChessBase"]
[SourceDate "2017.08.23"]
[SourceVersion "1"]
[SourceVersionDate "2017.08.23"]
[SourceQuality "1"]

1. d4 Nf6 2. Nf3 c5 3. d5 e6 4. c4 d6 5. Nc3 exd5 6. cxd5 g6 7. e4 Bg7 8. h3 0-0 9. Bd3 Re8 10. 0-0 Nbd7 11. Bf4 c4 12. Bc2 Nc5 13. Re1 b5 14. e5 dxe5 15. Bxe5 b4 16. Na4 Ncd7 1/2-1/2

[Event "Pardubice Czech op-A 27th"]
[Site "Pardubice"]
[Date "2016.07.29"]
[Round "8"]
[White "Gutman, Gennadi"]
[Black "Vyskocil, Neklan"]
[Result "1/2-1/2"]
[WhiteElo "2473"]
[BlackElo "2323"]
[PlyCount "112"]
[EventDate "2016.07.22"]
[EventType "swiss"]
[EventRounds "9"]
[EventCountry "CZE"]
[SourceTitle "CBM 173 Extra"]
[Source "ChessBase"]
[SourceDate "2016.08.29"]
[SourceVersion "1"]
[SourceVersionDate "2016.08.29"]
[SourceQuality "1"]

1. d4 Nf6 2. Nf3 e6 3. c4 Bb4+ 4. Nbd2 0-0 5. a3 Be7 6. e4 d5 7. e5 Nfd7 8. c5 f6 9. b4 a5 10. Bb2 axb4 11. axb4 Rxa1 12. Qxa1 b6 13. exf6 Bxf6 14. Be2 bxc5 15. bxc5 Nc6 16. Qa8 Ne7 17. Nb3 c6 18. Qa7 Re8 19. 0-0 Nf8 20. Na5 Bd7 21. Bc3 Qa8 22. Qc7 Rc8 23. Qf4 Nf5 24. Qd2 Be8 25. Ra1 Bh5 26. Nc4 Qb8 27. Nb6 Re8 28. Ne5 Bxe5 29. dxe5 Bg6 30. g4 Ne7 31. Bd4 Qc7 32. Ra3 Nd7 33. Qa2 Rb8 34. Ra7 Rb7 35. Ra8+ Kf7 36. Qa3 Rb8 37. f4 Rxa8 38. Qxa8 Be4 39. Kf2 Qb8 40. Qa6 Nf8 41. Kg3 h6 42. Qa8 Qc7 43. Ba6 Nd7 44. Qb7 Qxb7 45. Bxb7 Ke8 46. Nc8 Nxc8 47. Bxc8 Bd3 48. Kf3 Kd8 49. Ke3 Bb5 50. Bxd7 Kxd7 51. f5 Ke7 52. h4 Kf7 53. h5 Ba4 54. f6 Bd1 55. Kf4 g6 56. hxg6+ Kxg6 1/2-1/2

[Event "Pardubice Czech op-A 27th"]
[Site "Pardubice"]
[Date "2016.07.26"]
[Round "5"]
[White "Gutman, Gennadi"]
[Black "Movsesian, Sergei"]
[Result "0-1"]
[WhiteElo "2473"]
[BlackElo "2666"]
[PlyCount "78"]
[EventDate "2016.07.22"]
[EventType "swiss"]
[EventRounds "9"]
[EventCountry "CZE"]
[SourceTitle "CBM 173 Extra"]
[Source "ChessBase"]
[SourceDate "2016.08.29"]
[SourceVersion "1"]
[SourceVersionDate "2016.08.29"]
[SourceQuality "1"]

1. d4 Nf6 2. c4 e6 3. Nc3 Bb4 4. f3 c5 5. d5 0-0 6. e4 d6 7. Nge2 a6 8. Ng3 b5 9. Be2 bxc4 10. 0-0 Bxc3 11. bxc3 exd5 12. exd5 Nbd7 13. Bg5 h6 14. Bxf6 Qxf6 15. Qd2 Nb6 16. a4 a5 17. Rfb1 Rb8 18. Rb5 Qd8 19. Rxa5 Nxd5 20. Rb5 Rxb5 21. axb5 Nb6 22. Ne4 d5 23. Nxc5 Qe8 24. Ra5 Qe7 25. Na6 d4 26. Bf1 d3 27. Qf2 Qf6 28. Ra2 Nd5 29. Ra4 Qxc3 30. Nc5 d2 31. Ne4 d1Q 32. Nxc3 Nxc3 33. Rxc4 Nxb5 34. Qc5 Bd7 35. Rc1 Qa4 36. Rb1 Rc8 37. Qb6 Nc3 38. Re1 Nd5 39. Qd6 Nf6 0-1

[Event "Pardubice Czech op-A 26th"]
[Site "Pardubice"]
[Date "2015.08.01"]
[Round "9"]
[White "Gutman, Gennadi"]
[Black "Arat, Ufuk Sezen"]
[Result "0-1"]
[WhiteElo "2468"]
[BlackElo "2409"]
[PlyCount "66"]
[EventDate "2015.07.24"]
[EventType "swiss"]
[EventRounds "9"]
[EventCountry "CZE"]
[SourceTitle "CBM 167 Extra"]
[Source "ChessBase"]
[SourceDate "2015.09.14"]
[SourceVersion "1"]
[SourceVersionDate "2015.09.14"]
[SourceQuality "1"]

1. d4 Nf6 2. Nf3 g6 3. c4 Bg7 4. Nc3 c5 5. d5 d6 6. e4 e6 7. Bd3 exd5 8. cxd5 a6 9. a4 Bg4 10. h3 Bxf3 11. Qxf3 0-0 12. 0-0 Nbd7 13. Qd1 Ne8 14. Bf4 Qe7 15. Qd2 Rc8 16. Bg5 Qe5 17. a5 c4 18. Bc2 Nc7 19. Be3 Nb5 20. f4 Qe7 21. Rae1 Nc5 22. e5 dxe5 23. f5 Nxc3 24. bxc3 Qd6 25. Rb1 Rfd8 26. Qf2 Rd7 27. f6 Bf8 28. Bf5 gxf5 29. Qg3+ Kh8 30. Rxf5 Qxd5 31. Rbf1 Ne6 32. Rh5 Qd3 33. Rff5 Qxe3+ 0-1

[Event "Pardubice op rap 26th"]
[Site "Pardubice"]
[Date "2015.07.23"]
[Round "5"]
[White "Nester, Ihor"]
[Black "Gutman, Gennadi"]
[Result "1/2-1/2"]
[WhiteElo "2268"]
[BlackElo "2468"]
[PlyCount "57"]
[EventDate "2015.07.22"]
[EventType "swiss (rapid)"]
[EventRounds "9"]
[EventCountry "CZE"]
[SourceTitle "CBM 167 Extra"]
[Source "ChessBase"]
[SourceDate "2015.09.14"]
[SourceVersion "1"]
[SourceVersionDate "2015.09.14"]
[SourceQuality "1"]

1. Nf3 d6 2. d4 Bg4 3. c4 c6 4. e4 Nd7 5. Be2 e5 6. 0-0 Ngf6 7. Nc3 Be7 8. h3 Bh5 9. Be3 0-0 10. Qc2 a6 11. Rad1 Qc7 12. Nh4 Bg6 13. Nxg6 hxg6 14. f4 Rfe8 15. c5 exd4 16. cxd6 Bxd6 17. e5 dxc3 18. Rxd6 Nxe5 19. fxe5 Rxe5 20. Rdxf6 gxf6 21. Bd4 cxb2 22. Qxb2 Rae8 23. Bxe5 Qxe5 24. Qxe5 Rxe5 25. Bc4 b5 26. Bb3 c5 27. Rxf6 c4 28. Bxc4 bxc4 29. Rxa6 1/2-1/2

[Event "Pardubice Czech op-A 25th"]
[Site "Pardubice"]
[Date "2014.07.22"]
[Round "5"]
[White "Gutman, Gennadi"]
[Black "Nemcova, Katerina"]
[Result "1/2-1/2"]
[WhiteElo "2479"]
[BlackElo "2314"]
[PlyCount "86"]
[EventDate "2014.07.18"]
[EventType "swiss"]
[EventRounds "9"]
[EventCountry "CZE"]
[SourceTitle "CBM 161 Extra"]
[Source "ChessBase"]
[SourceDate "2014.08.29"]
[SourceVersion "1"]
[SourceVersionDate "2014.08.29"]
[SourceQuality "1"]

1. d4 Nf6 2. Nf3 d5 3. c4 e6 4. Nc3 c5 5. e3 dxc4 6. Bxc4 a6 7. a4 Nc6 8. 0-0 Be7 9. Qe2 cxd4 10. Rd1 e5 11. exd4 exd4 12. Nxd4 Nxd4 13. Qe5 Qd6 14. Qxd6 Bxd6 15. Rxd4 Bc5 16. Rd1 0-0 17. Bg5 Be6 18. Bxe6 fxe6 19. Bxf6 gxf6 20. Ne4 Bb4 21. Rd4 a5 22. Rad1 Rac8 23. g4 b6 24. Kg2 h6 25. R1d3 Rc2 26. b3 Rc7 27. Rd7 Rxd7 28. Rxd7 Rf7 29. Rd8+ Kg7 30. Nd6 Rf8 31. Rd7+ Kg6 32. Nc4 Bc5 33. h4 h5 34. f3 Rb8 35. Nd6 hxg4 36. fxg4 Bxd6 37. Rxd6 b5 38. Rxe6 bxa4 39. bxa4 Rb4 40. Kg3 Rxa4 41. g5 Ra3+ 42. Kf2 Ra2+ 43. Ke3 Ra3+ 1/2-1/2